000 00685nam a2200253Ia 4500
003 OSt
005 20220918163347.0
006 a|||||r|||| 00| 0
007 ta
008 220917b |||||||| |||| 00| 0 eng d
020 _a0 631 09770 8
024 _a23,780
037 _cTextual
040 _aARTS
_cARTS
_beng
041 _2eng
_aeng
082 _aO111:g(Y1), L1
100 _aBradBury Malcolm
_912789
245 0 _aSocial context of modern English literature
260 _aOxford
_bBasil Blackwell
_c1971
300 _a277p.
_ccm.
650 _aENGLISH LITERATURE
942 _hO111:g(Y1), L1
_cTEXL
_2CC
999 _c119210
_d119210